00555nam a22001697a 450000500170000001000150001702000230003203500140005503700130006908200120008210000230009424500930011726000380021027000750024830000210032350000410034420200304104311.0 aENG-127963 a9789350578513c295 aEN-111495 bDBAD/PUB a610.954 aSharma,Shiv Charan aHome Remedies:cby Shiv Charan Sharma [and] Syed Aziz Ahmadbfor curing common Ailments/ aNew DelhibV & S Publishersc2017 a2/16, Ansari Road,DaryaganjbNew Delhie110002minfo@vspublishers.com a124p.c24cm(pbk) ainclude bibliographical references